<?xml version="1.0" encoding="UTF-8"?>
<record
    xmlns:xsi="http://www.w3.org/2001/XMLSchema-instance"
    xsi:schemaLocation="http://www.loc.gov/MARC21/slim http://www.loc.gov/standards/marcxml/schema/MARC21slim.xsd"
    xmlns="http://www.loc.gov/MARC21/slim">

  <leader>00496nam a22001337a 4500</leader>
  <datafield tag="040" ind1=" " ind2=" ">
    <subfield code="c">RUA </subfield>
  </datafield>
  <datafield tag="082" ind1=" " ind2=" ">
    <subfield code="a">AGI TRY 2009 B283 Or.1</subfield>
  </datafield>
  <datafield tag="100" ind1=" " ind2=" ">
    <subfield code="a">TRY CHANNDARA ; &#x1791;&#x17D2;&#x179A;&#x17B8; &#x1785;&#x17B6;&#x1793;&#x17CB;&#x178F;&#x17B6;&#x179A;&#x17B6;</subfield>
  </datafield>
  <datafield tag="245" ind1=" " ind2=" ">
    <subfield code="a">Processing of soy yogurt; &#x1780;&#x17B6;&#x179A;&#x1780;&#x17C2;&#x1785;&#x17D2;&#x1793;&#x17C3;&#x1799;&#x17C9;&#x17B6;&#x17A2;&#x17BD;&#x179A;&#x179F;&#x178E;&#x17D2;&#x178A;&#x17C2;&#x1780;&#x179F;&#x17C0;&#x1784;</subfield>
  </datafield>
  <datafield tag="260" ind1=" " ind2=" ">
    <subfield code="a">Phnom Penh </subfield>
    <subfield code="b">RUA </subfield>
    <subfield code="c">2009 </subfield>
  </datafield>
  <datafield tag="300" ind1=" " ind2=" ">
    <subfield code="a">x ; 45p.</subfield>
    <subfield code="b">ill.</subfield>
    <subfield code="c">29cm.</subfield>
  </datafield>
  <datafield tag="856" ind1=" " ind2=" ">
    <subfield code="u">https://drive.google.com/file/d/1ztjIFA0T8iizO578mFolq4kSJX2nQqRe/view?usp=sharing</subfield>
  </datafield>
  <datafield tag="942" ind1=" " ind2=" ">
    <subfield code="c">AGI</subfield>
  </datafield>
  <datafield tag="999" ind1=" " ind2=" ">
    <subfield code="c">5362</subfield>
    <subfield code="d">5362</subfield>
  </datafield>
  <datafield tag="952" ind1=" " ind2=" ">
    <subfield code="0">0</subfield>
    <subfield code="1">0</subfield>
    <subfield code="2">ddc</subfield>
    <subfield code="4">0</subfield>
    <subfield code="6">AGI_TRY_2009_000000000000000_B283_OR_1</subfield>
    <subfield code="7">0</subfield>
    <subfield code="9">28763</subfield>
    <subfield code="a">LBB</subfield>
    <subfield code="b">LBB</subfield>
    <subfield code="c">B283</subfield>
    <subfield code="d">2015-12-29</subfield>
    <subfield code="l">10</subfield>
    <subfield code="o">AGI TRY 2009 B283 Or.1</subfield>
    <subfield code="p">RUA038063</subfield>
    <subfield code="r">2020-10-21</subfield>
    <subfield code="s">2017-08-04</subfield>
    <subfield code="w">2015-12-29</subfield>
    <subfield code="y">AGI</subfield>
  </datafield>
  <datafield tag="952" ind1=" " ind2=" ">
    <subfield code="0">0</subfield>
    <subfield code="1">0</subfield>
    <subfield code="2">ddc</subfield>
    <subfield code="4">0</subfield>
    <subfield code="6">AGI_TRY_2009_000000000000000_B283_OR_2</subfield>
    <subfield code="7">0</subfield>
    <subfield code="9">28764</subfield>
    <subfield code="a">LBB</subfield>
    <subfield code="b">LBB</subfield>
    <subfield code="c">B283</subfield>
    <subfield code="d">2015-12-29</subfield>
    <subfield code="l">18</subfield>
    <subfield code="m">4</subfield>
    <subfield code="o">AGI TRY 2009 B283 Or.2</subfield>
    <subfield code="p">RUA036840</subfield>
    <subfield code="r">2023-02-13</subfield>
    <subfield code="s">2022-11-28</subfield>
    <subfield code="w">2015-12-29</subfield>
    <subfield code="y">AGI</subfield>
  </datafield>
  <datafield tag="952" ind1=" " ind2=" ">
    <subfield code="0">0</subfield>
    <subfield code="1">0</subfield>
    <subfield code="2">ddc</subfield>
    <subfield code="4">0</subfield>
    <subfield code="6">AGI_TRY_2009_000000000000000_B283_OR_3</subfield>
    <subfield code="7">0</subfield>
    <subfield code="9">28765</subfield>
    <subfield code="a">LBB</subfield>
    <subfield code="b">LBB</subfield>
    <subfield code="c">B283</subfield>
    <subfield code="d">2015-12-29</subfield>
    <subfield code="l">21</subfield>
    <subfield code="m">2</subfield>
    <subfield code="o">AGI TRY 2009 B283 Or.3</subfield>
    <subfield code="p">RUA037673</subfield>
    <subfield code="r">2025-10-07</subfield>
    <subfield code="s">2025-09-02</subfield>
    <subfield code="w">2015-12-29</subfield>
    <subfield code="y">AGI</subfield>
  </datafield>
  <datafield tag="952" ind1=" " ind2=" ">
    <subfield code="0">0</subfield>
    <subfield code="1">0</subfield>
    <subfield code="2">ddc</subfield>
    <subfield code="4">0</subfield>
    <subfield code="6">AGI_TRY_2009_000000000000000_B283_OR_4</subfield>
    <subfield code="7">0</subfield>
    <subfield code="9">28766</subfield>
    <subfield code="a">LBB</subfield>
    <subfield code="b">LBB</subfield>
    <subfield code="c">B283</subfield>
    <subfield code="d">2015-12-29</subfield>
    <subfield code="l">1</subfield>
    <subfield code="m">1</subfield>
    <subfield code="o">AGI TRY 2009 B283 Or.4</subfield>
    <subfield code="p">RUA038111</subfield>
    <subfield code="r">2016-06-06</subfield>
    <subfield code="s">2016-04-20</subfield>
    <subfield code="w">2015-12-29</subfield>
    <subfield code="y">AGI</subfield>
  </datafield>
  <datafield tag="952" ind1=" " ind2=" ">
    <subfield code="0">0</subfield>
    <subfield code="1">0</subfield>
    <subfield code="2">ddc</subfield>
    <subfield code="4">0</subfield>
    <subfield code="6">AGI_TRY_2009_000000000000000_B283_OR_5</subfield>
    <subfield code="7">0</subfield>
    <subfield code="9">28767</subfield>
    <subfield code="a">LBB</subfield>
    <subfield code="b">LBB</subfield>
    <subfield code="c">B283</subfield>
    <subfield code="d">2015-12-29</subfield>
    <subfield code="l">16</subfield>
    <subfield code="m">2</subfield>
    <subfield code="o">AGI TRY 2009 B283 Or.5</subfield>
    <subfield code="p">RUA035752</subfield>
    <subfield code="r">2025-01-02</subfield>
    <subfield code="s">2024-12-04</subfield>
    <subfield code="w">2015-12-29</subfield>
    <subfield code="y">AGI</subfield>
  </datafield>
  <datafield tag="952" ind1=" " ind2=" ">
    <subfield code="0">0</subfield>
    <subfield code="1">0</subfield>
    <subfield code="2">ddc</subfield>
    <subfield code="4">0</subfield>
    <subfield code="6">AGI_TRY_2009_000000000000000_B283_OR_6</subfield>
    <subfield code="7">0</subfield>
    <subfield code="9">28768</subfield>
    <subfield code="a">LBB</subfield>
    <subfield code="b">LBB</subfield>
    <subfield code="c">B283</subfield>
    <subfield code="d">2015-12-29</subfield>
    <subfield code="l">13</subfield>
    <subfield code="m">3</subfield>
    <subfield code="o">AGI TRY 2009 B283 Or.6</subfield>
    <subfield code="p">RUA037893</subfield>
    <subfield code="r">2023-07-03</subfield>
    <subfield code="s">2023-06-16</subfield>
    <subfield code="w">2015-12-29</subfield>
    <subfield code="y">AGI</subfield>
  </datafield>
  <datafield tag="952" ind1=" " ind2=" ">
    <subfield code="0">0</subfield>
    <subfield code="1">0</subfield>
    <subfield code="2">ddc</subfield>
    <subfield code="4">0</subfield>
    <subfield code="6">AGI_TRY_2009_000000000000000_B283_OR_7</subfield>
    <subfield code="7">0</subfield>
    <subfield code="9">28769</subfield>
    <subfield code="a">LBB</subfield>
    <subfield code="b">LBB</subfield>
    <subfield code="c">B283</subfield>
    <subfield code="d">2015-12-29</subfield>
    <subfield code="l">16</subfield>
    <subfield code="o">AGI TRY 2009 B283 Or.7</subfield>
    <subfield code="p">RUA037536</subfield>
    <subfield code="r">2024-08-01</subfield>
    <subfield code="s">2024-07-08</subfield>
    <subfield code="w">2015-12-29</subfield>
    <subfield code="y">AGI</subfield>
  </datafield>
</record>
